[Event "London Classic FIDE Open"]
[Site "London ENG"]
[Date "2011.12.08"]
[Round "6"]
[White "Berg, Emanuel"]
[Black "Wells, Peter K"]
[Result "0-1"]
[WhiteTitle "GM"]
[BlackTitle "GM"]
[WhiteElo "2566"]
[BlackElo "2492"]
[WhiteFideId "1704060"]
[BlackFideId "400327"]
[EventDate "2011.12.03"]

1. e4 e5 2. Nf3 Nc6 3. Bb5 a6 4. Ba4 Nf6 5. O-O Be7 6. Re1 b5 7. Bb3 d6 8. c3
O-O 9. h3 Bb7 10. d4 Re8 11. Ng5 Rf8 12. Nf3 Re8 13. Nbd2 Bf8 14. d5 Nb8 15. Nf1
Nbd7 16. N3h2 Nc5 17. Bc2 c6 18. b4 Ncd7 19. dxc6 Bxc6 20. Bg5 Rc8 21. Ng4 Be7
22. Bxf6 Nxf6 23. Nxf6+ Bxf6 24. Ne3 Bb7 25. Nd5 Bxd5 26. Qxd5 Rxc3 27. Bb3 Qc7
28. g3 h5 29. Kg2 h4 30. Red1 hxg3 31. fxg3 Qa7 32. Rac1 Rxg3+ 33. Kh1 Qd7 34.
Rc2 Rxh3+ 35. Rh2 Rxh2+ 36. Kxh2 Bg5 37. Rd3 Bf4+ 38. Kg2 Rc8 39. Bd1 Qe7 40.
Qxd6 Qg5+ 41. Kh3 g6 42. Qd7 Qh6+ 43. Kg2 Qh2+ 44. Kf1 Rc1 0-1

[Event "London Classic FIDE Open"]
[Site "London ENG"]
[Date "2011.12.08"]
[Round "6"]
[White "Pert, Nicholas"]
[Black "Getz, Nicolai"]
[Result "1/2-1/2"]
[WhiteTitle "GM"]
[BlackTitle "IM"]
[WhiteElo "2563"]
[BlackElo "2369"]
[WhiteFideId "403989"]
[BlackFideId "1505572"]
[EventDate "2011.12.03"]

1. Nf3 Nf6 2. g3 b6 3. Bg2 Bb7 4. O-O g6 5. c4 Bg7 6. d4 O-O 7. Bf4 d6 8. Nc3
Ne4 9. Nxe4 Bxe4 10. Qd2 c5 11. Bh6 Nc6 12. Bxg7 Kxg7 13. Qe3 Bxf3 14. Qxf3 Rc8
15. dxc5 bxc5 16. Qc3+ Kg8 17. e3 Qb6 18. Rad1 Qb4 19. Qc2 Ne5 20. b3 Rc7 21. f4
Nd7 22. e4 Qb6 23. Qb2 Nb8 24. e5 dxe5 25. Qxe5 Nc6 26. Bxc6 Qxc6 27. f5 f6 28.
Qe3 Kg7 29. g4 g5 30. Rd5 a5 31. h4 gxh4 32. Kf2 Re8 33. g5 Kh8 34. Re1 Rd7 35.
Qe6 Qxe6 36. Rxe6 Rxd5 37. cxd5 Rd8 38. gxf6 exf6 39. d6 Kg7 40. Kf3 Kh6 41. Kg4
h3 42. Rxf6+ Kg7 43. Kg5 h2 44. Rh6 Rxd6 45. Rxh2 a4 46. f6+ Kg8 47. Kf5 axb3
48. axb3 Rd3 49. Rg2+ Kf8 50. Ra2 Rxb3 51. Ra8+ Kf7 52. Ra7+ Kf8 53. Ra8+ Kf7 1/2-1/2

[Event "London Classic FIDE Open"]
[Site "London ENG"]
[Date "2011.12.08"]
[Round "6"]
[White "Slavin, Alexei"]
[Black "Cornette, Matthieu"]
[Result "1-0"]
[WhiteTitle "IM"]
[BlackTitle "GM"]
[WhiteElo "2400"]
[BlackElo "2548"]
[WhiteFideId "24104388"]
[BlackFideId "620084"]
[EventDate "2011.12.03"]

1. d4 Nf6 2. Nf3 g6 3. c4 Bg7 4. Nc3 O-O 5. e4 d6 6. h3 e5 7. d5 Nh5 8. g3 Na6
9. Be2 f5 10. exf5 gxf5 11. Bg5 Qe8 12. Nh4 Nf6 13. Qc2 Nb4 14. Qb3 a5 15. a3
Na6 16. Qc2 Nc5 17. Be3 b6 18. O-O-O Bd7 19. g4 f4 20. Bxc5 bxc5 21. g5 f3 22.
Bxf3 Qf7 23. gxf6 Qxf6 24. Bg4 Be8 25. Nf5 Bg6 26. Ne4 Qf7 27. Nfg3 Bh6+ 28. Kb1
Qxf2 29. Rhf1 Qxc2+ 30. Kxc2 Bf4 31. Kc3 a4 32. Bh5 Rfb8 33. Bxg6 Rb3+ 34. Kc2
Rab8 35. Rb1 hxg6 36. Ne2 Re3 37. N4c3 g5 38. h4 Kg7 39. hxg5 Bxg5 40. Rg1 1-0

[Event "London Classic FIDE Open"]
[Site "London ENG"]
[Date "2011.12.08"]
[Round "6"]
[White "Mareckova, Martina"]
[Black "Boger, Raymond"]
[Result "1-0"]
[WhiteElo "2123"]
[BlackElo "1959"]
[WhiteFideId "327930"]
[BlackFideId "1507419"]
[EventDate "2011.12.03"]

1. e4 g6 2. Nc3 Bg7 3. g3 Nc6 4. Bg2 e5 5. d3 d6 6. Nge2 Nh6 7. h3 Be6 8. Be3 f5
9. d4 exd4 10. Nxd4 Nxd4 11. Bxd4 Bxd4 12. Qxd4 O-O 13. O-O-O f4 14. gxf4 Rxf4
15. Ne2 Rf8 16. f4 Qf6 17. Qxf6 Rxf6 18. e5 dxe5 19. fxe5 Rf2 20. Bxb7 Rb8 21.
Ba6 Rb6 22. Rd3 Nf5 23. Nc3 c5 24. Ne4 Rf3 25. Nxc5 Ne3 26. Rd2 Bxh3 27. Be2 Rg3
28. Ne4 Rg2 29. Rxh3 Nf5 30. Nf6+ Kf7 31. Rxh7+ Kf8 32. Rh8+ Kg7 33. Rh1 g5 34.
Rh7+ 1-0

[Event "London Classic FIDE Open"]
[Site "London ENG"]
[Date "2011.12.08"]
[Round "6"]
[White "Hillarp Persson, Tiger"]
[Black "Gislason, Gudmundur"]
[Result "1-0"]
[WhiteTitle "GM"]
[WhiteElo "2530"]
[BlackElo "2318"]
[WhiteFideId "1700812"]
[BlackFideId "2300559"]
[EventDate "2011.12.03"]

1. c4 Nf6 2. Nf3 g6 3. Nc3 Bg7 4. e4 d6 5. d4 O-O 6. h3 Nc6 7. Be3 Re8 8. d5 Nb8
9. Bd3 Nbd7 10. O-O Nc5 11. Bc2 e6 12. e5 Nfd7 13. Bg5 f6 14. exf6 Bxf6 15. h4
a5 16. Qd2 e5 17. Rae1 Nf8 18. Qe3 Bf5 19. Be4 Nfd7 20. Nd2 Bxg5 21. hxg5 Rf8
22. f3 Qe7 23. g3 Rf7 24. Kg2 Raf8 25. b3 Nb6 26. Bxf5 gxf5 27. f4 Nbd7 28. Nf3
Re8 29. Nh4 e4 30. Nb5 Nd3 31. Nxc7 Nxe1+ 32. Rxe1 Rc8 33. Ne6 Nc5 34. Nxc5 Rxc5
35. g4 fxg4 36. Qxe4 Qxe4+ 37. Rxe4 b5 38. Kg3 bxc4 39. bxc4 Kf8 40. Kxg4 Re7
41. Rxe7 Kxe7 42. Nf5+ Kd7 43. Ne3 Rc8 44. f5 Kc7 45. g6 hxg6 46. fxg6 Kb6 47.
Kg5 Kc5 48. g7 Rb8 49. Kf6 Kd4 50. Nf5+ Kxc4 51. Ne7 a4 52. Ke6 1-0

[Event "London Classic FIDE Open"]
[Site "London ENG"]
[Date "2011.12.08"]
[Round "6"]
[White "Rendle, Thomas E"]
[Black "Hebden, Mark L"]
[Result "1-0"]
[WhiteTitle "IM"]
[BlackTitle "GM"]
[WhiteElo "2389"]
[BlackElo "2515"]
[WhiteFideId "408760"]
[BlackFideId "400084"]
[EventDate "2011.12.03"]

1. e4 e5 2. Nf3 Nc6 3. Bb5 a6 4. Ba4 Nf6 5. O-O Be7 6. Re1 b5 7. Bb3 O-O 8. d4
d6 9. c3 Bg4 10. Be3 Qb8 11. Nbd2 Na5 12. Bc2 c5 13. d5 c4 14. b4 cxb3 15. axb3
Qc7 16. b4 Nb7 17. Ra3 a5 18. Qa1 Bd7 19. h3 Rfc8 20. Bd3 Qd8 21. Qb2 Nh5 22.
Rea1 a4 23. c4 Nf4 24. Bf1 f5 25. cxb5 fxe4 26. Nxe4 Qe8 27. Bxf4 exf4 28. Nd4
Qg6 29. Qe2 Re8 30. Qf3 Bd8 31. Bd3 Bb6 32. Ne6 Bxe6 33. dxe6 Qh6 34. Bc4 Bd4
35. Rd1 Bb2 36. Rad3 a3 37. e7+ Kh8 38. Nxd6 Nxd6 39. Rxd6 1-0

[Event "London Classic FIDE Open"]
[Site "London ENG"]
[Date "2011.12.08"]
[Round "6"]
[White "Smith, Axel"]
[Black "Radovanovic, Jovica"]
[Result "1-0"]
[WhiteTitle "IM"]
[BlackTitle "FM"]
[WhiteElo "2480"]
[BlackElo "2309"]
[WhiteFideId "1707930"]
[BlackFideId "915912"]
[EventDate "2011.12.03"]

1. e4 e5 2. Nf3 Nc6 3. Bc4 Bc5 4. O-O Nf6 5. d4 Bxd4 6. Nxd4 Nxd4 7. f4 d6 8.
fxe5 dxe5 9. Bg5 Be6 10. Na3 Qe7 11. c3 Bxc4 12. Bxf6 gxf6 13. Nxc4 Ne6 14. Ne3
Qc5 15. Qd2 Rd8 16. Qf2 Kd7 17. Rae1 Nf4 18. Qf3 Kc8 19. g3 Nd3 20. Re2 Kb8 21.
Kg2 Rhg8 22. Kh1 c6 23. Ng4 Qb6 24. Nxf6 Rh8 25. Rd2 Nc5 26. Rfd1 a5 27. Qf2
Rxd2 28. Rxd2 Ka7 29. Kg2 h6 30. Nd7 Nxd7 31. Rxd7 Qxf2+ 32. Kxf2 Rf8 33. Re7 f5
34. Rxe5 fxe4+ 35. Ke2 Kb6 36. Rxe4 Rf5 37. g4 Rb5 38. b3 Rd5 39. h4 Kc5 40. Re6
h5 41. g5 a4 42. g6 axb3 43. axb3 Kb6 44. g7 Rd8 45. Rg6 Rg8 46. Ke3 Kc5 47. Ke4
b5 48. Ke5 b4 49. c4 1-0

[Event "London Classic FIDE Open"]
[Site "London ENG"]
[Date "2011.12.08"]
[Round "6"]
[White "Buckley, Graeme N"]
[Black "Das, Arghyadip"]
[Result "1/2-1/2"]
[WhiteTitle "IM"]
[BlackTitle "IM"]
[WhiteElo "2383"]
[BlackElo "2470"]
[WhiteFideId "402265"]
[BlackFideId "5003610"]
[EventDate "2011.12.03"]

1. d4 Nf6 2. Nf3 g6 3. Bg5 Bg7 4. Nbd2 O-O 5. c3 d5 6. e3 Nbd7 7. h3 Re8 8. Bf4
c5 9. Be2 b6 10. O-O Bb7 11. a4 a6 12. Ne5 Bf8 13. b4 Nxe5 14. dxe5 Nd7 15. e6
fxe6 16. Bg4 Bg7 17. Bxe6+ Kh8 18. Nf3 Rf8 19. Bxd5 Bxd5 20. Qxd5 Ne5 21. Qxd8
Nxf3+ 22. gxf3 Raxd8 23. Rac1 Rd3 24. bxc5 bxc5 25. Bg5 Re8 26. Rcd1 Rxd1 27.
Rxd1 h6 28. Bf4 Bxc3 29. Rd7 g5 30. Bg3 Kg8 31. f4 Kf7 32. Rc7 Bb4 33. f5 Kf6
34. e4 e6 35. Rc6 a5 36. Kg2 c4 37. Kf3 h5 38. h4 g4+ 39. Ke3 c3 40. Bf4 Kf7 41.
Rc7+ Re7 42. fxe6+ Kxe6 43. Rc6+ Kd7 44. Rc4 Re6 45. Rc7+ Kd8 46. Rc4 Kd7 47.
Rc7+ Kd8 48. Rc4 1/2-1/2

[Event "London Classic FIDE Open"]
[Site "London ENG"]
[Date "2011.12.08"]
[Round "6"]
[White "Crouch, Colin S"]
[Black "Roy Chowdhury, Saptarshi"]
[Result "1/2-1/2"]
[WhiteTitle "IM"]
[BlackTitle "IM"]
[WhiteElo "2366"]
[BlackElo "2411"]
[WhiteFideId "400947"]
[BlackFideId "5002974"]
[EventDate "2011.12.03"]

1. d4 d5 2. Nf3 Nf6 3. c4 e6 4. Nc3 Be7 5. Bg5 O-O 6. e3 h6 7. Bh4 Ne4 8. Bxe7
Qxe7 9. Be2 c6 10. O-O Nxc3 11. bxc3 dxc4 12. Bxc4 Nd7 13. Qc2 c5 14. Qe4 Nf6
15. Qh4 b6 16. Ne5 Bb7 17. a4 Rac8 1/2-1/2

[Event "London Classic FIDE Open"]
[Site "London ENG"]
[Date "2011.12.08"]
[Round "6"]
[White "Eames, Robert S"]
[Black "Thorfinnsson, Bjorn"]
[Result "0-1"]
[WhiteTitle "FM"]
[BlackTitle "IM"]
[WhiteElo "2241"]
[BlackElo "2402"]
[WhiteFideId "408743"]
[BlackFideId "2300982"]
[EventDate "2011.12.03"]

1. e4 c6 2. d4 d5 3. e5 Bf5 4. h4 h5 5. Bg5 Qb6 6. Bd3 Bxd3 7. Qxd3 e6 8. Nd2 c5
9. c4 Nc6 10. Ngf3 Nge7 11. O-O cxd4 12. cxd5 Nb4 13. Qb3 Nbxd5 14. Nc4 Qxb3 15.
Nd6+ Kd7 16. axb3 f6 17. Bd2 Nc6 18. Nxb7 fxe5 19. Rfe1 Bd6 20. Ng5 Rhb8 21.
Nxd6 Kxd6 22. Nf7+ Ke7 23. Nxe5 Nxe5 24. Rxe5 Rxb3 25. Rae1 Kf7 26. Rxe6 Rd8 27.
Ra6 Rd7 28. Rea1 Rxb2 29. Rxa7 Rxa7 30. Rxa7+ Ke6 31. Bg5 g6 32. Ra6+ Kf5 33.
Ra5 Ke4 34. f3+ Ke5 35. Bh6 Rb7 36. Kf2 d3 37. Ra4 Rb2+ 38. Kg3 Re2 39. Bg7+ Ke6
40. Ra6+ Kd7 41. Ra3 Nb4 42. Ra1 Nd5 43. Rd1 Rxg2+ 44. Kxg2 Ne3+ 45. Kf2 Nxd1+
46. Ke1 Ne3 47. Kd2 Nf5 48. Bf6 Ke6 49. Bd8 Nd4 50. Kxd3 Nxf3 51. Ke4 Ne5 52.
Kf4 Nc6 53. Kg5 Kf7 54. Bf6 Nb4 55. Bd8 Nd3 56. Bf6 Nc5 57. Ba1 Ne6+ 58. Kh6 Nf4
59. Kg5 Nh3+ 60. Kh6 Ng1 61. Bd4 Nf3 62. Bf2 Kf6 63. Bg3 Kf5 64. Bf2 Ne5 65. Bg3
Nd3 66. Bd6 Nf4 67. Be7 Ne6 68. Bd6 Kf6 69. Bb4 Nc7 70. Ba5 Nd5 71. Bd8+ Kf5 72.
Bg5 Nf6 73. Bd2 Ng4+ 74. Kg7 Ne5 75. Ba5 Nf3 76. Bd8 g5 77. hxg5 h4 78. g6 h3
79. Bc7 Nh4 80. Kh6 Nxg6 81. Bh2 Nf4 82. Bg3 Kg4 83. Bh2 Ne2 84. Kg6 Kf3 0-1

[Event "London Classic FIDE Open"]
[Site "London ENG"]
[Date "2011.12.08"]
[Round "6"]
[White "Summerscale, Aaron P"]
[Black "Britton, Richard L"]
[Result "1/2-1/2"]
[WhiteTitle "GM"]
[BlackTitle "FM"]
[WhiteElo "2422"]
[BlackElo "2219"]
[WhiteFideId "400980"]
[BlackFideId "401692"]
[EventDate "2011.12.03"]

1. d4 Nf6 2. c4 g6 3. Nc3 Bg7 4. e4 d6 5. Nf3 O-O 6. Be2 e5 7. O-O Nc6 8. d5 Ne7
9. Ne1 Ne8 10. Be3 f5 11. f3 f4 12. Bf2 g5 13. c5 Ng6 14. a4 Rf7 15. a5 dxc5 16.
Nd3 Bf8 17. Nxc5 Bxc5 18. Bxc5 Nd6 19. Nb5 a6 20. Na3 Kh8 21. Nc4 Nxc4 22. Bxc4
Rg7 23. Ra3 h5 24. d6 c6 25. h3 Bd7 26. Kf2 Nh4 27. Rh1 Qf6 28. Rb3 Be6 29. Bxe6
Qxe6 30. Rb4 Rag8 31. Qb3 Qd7 32. Qc3 Qe6 33. Qb3 Qd7 34. Rd1 Rh7 35. Qc3 Re8
36. Rh1 Qe6 37. Qb3 Qd7 1/2-1/2

[Event "London Classic FIDE Open"]
[Site "London ENG"]
[Date "2011.12.08"]
[Round "6"]
[White "Stone, Andrew M"]
[Black "Arkell, Keith C"]
[Result "0-1"]
[BlackTitle "GM"]
[WhiteElo "2234"]
[BlackElo "2418"]
[WhiteFideId "404985"]
[BlackFideId "400270"]
[EventDate "2011.12.03"]

1. c4 c5 2. g3 Nc6 3. Bg2 g6 4. Nc3 Bg7 5. Nf3 Nf6 6. d4 cxd4 7. Nxd4 Nxd4 8.
Qxd4 d6 9. O-O O-O 10. Qd3 Qa5 11. h3 Bf5 12. e4 Be6 13. Nd5 Bxd5 14. cxd5 Nd7
15. Bd2 Qb6 16. Bc3 Bxc3 17. Qxc3 Rfc8 18. Qd2 Rc5 19. Rfc1 Rac8 20. Rxc5 Qxc5
21. b4 Qc3 22. Qxc3 Rxc3 23. a4 Ne5 24. b5 Nd3 25. Ra2 Rc1+ 26. Bf1 g5 27. a5
Kg7 28. Ra3 Nc5 29. Re3 Ra1 30. a6 bxa6 31. bxa6 Nxa6 32. f4 gxf4 33. gxf4 Nc5
34. Kf2 a5 35. Bc4 Ra4 0-1

[Event "London Classic FIDE Open"]
[Site "London ENG"]
[Date "2011.12.08"]
[Round "6"]
[White "Arvola, Benjamin"]
[Black "Hassan, Abdullah"]
[Result "0-1"]
[BlackTitle "IM"]
[WhiteElo "2232"]
[BlackElo "2398"]
[WhiteFideId "1506536"]
[BlackFideId "9300481"]
[EventDate "2011.12.03"]

1. d4 e6 2. c4 Nf6 3. Nc3 d5 4. cxd5 exd5 5. Bg5 c6 6. Qc2 Be7 7. e3 O-O 8. Bd3
Nbd7 9. Nge2 Re8 10. O-O Nf8 11. f3 g6 12. Nf4 Nh5 13. Bxe7 Qxe7 14. Nxh5 Qxe3+
15. Kh1 gxh5 16. f4 Ng6 17. Rad1 Bg4 18. Rd2 Nxf4 19. Bxh7+ Kh8 20. Rdf2 f5 21.
Nd1 Qxd4 22. Bxf5 Re2 23. Rxe2 Bxe2 24. Re1 Rf8 25. h3 Qg7 26. g4 Qe5 27. Qd2
Rxf5 28. Rxe2 Qxe2 29. Qxe2 Nxe2 30. gxf5 Ng3+ 31. Kg2 Nxf5 32. Kf3 Kg7 33. Kf4
Kf6 34. Nf2 Ng7 35. Nd3 Ne6+ 36. Kg3 Kf5 37. Kh4 Ke4 38. Nf2+ Kf3 39. Nd3 Nf4
40. Ne1+ Ke2 0-1

[Event "London Classic FIDE Open"]
[Site "London ENG"]
[Date "2011.12.08"]
[Round "6"]
[White "Surendran, N."]
[Black "Weber, Tom"]
[Result "0-1"]
[BlackTitle "FM"]
[WhiteElo "2207"]
[BlackElo "2355"]
[WhiteFideId "5021243"]
[BlackFideId "4000609"]
[EventDate "2011.12.03"]

1. d4 Nf6 2. Nf3 g6 3. g3 Bg7 4. Bg2 O-O 5. O-O d5 6. c4 c6 7. Qb3 Qb6 8. Nc3
Rd8 9. Bf4 dxc4 10. Qxb6 axb6 11. Bc7 Re8 12. Bxb6 Nfd7 13. Bc7 Na6 14. Bf4 e5
15. dxe5 Nxe5 16. Nxe5 Bxe5 17. Bxe5 Rxe5 18. Rad1 Be6 19. Rd2 Kf8 20. Rfd1 Ke7
21. a3 Nc5 22. e4 g5 23. f3 Rf8 24. Bf1 f5 25. exf5 Rfxf5 26. Ne2 Nb3 27. Rd8
Rxf3 28. Rb8 Rd3 29. Rxb7+ Kd6 30. Nc3 Rxd1 31. Nxd1 Re1 32. Nc3 Bh3 33. Ne4+
Ke5 34. Nd2 Nxd2 35. Re7+ Be6 36. Kf2 Rxf1+ 37. Ke2 Rf7 0-1

[Event "London Classic FIDE Open"]
[Site "London ENG"]
[Date "2011.12.08"]
[Round "6"]
[White "Richardson, John R"]
[Black "Player, Edmund C"]
[Result "1-0"]
[WhiteTitle "FM"]
[WhiteElo "2331"]
[BlackElo "2199"]
[WhiteFideId "401617"]
[BlackFideId "406520"]
[EventDate "2011.12.03"]

1. d4 d5 2. c4 dxc4 3. e4 Nf6 4. e5 Nd5 5. Bxc4 Nb6 6. Bd3 Nc6 7. Be3 Nb4 8. Be4
N4d5 9. Nc3 e6 10. Qf3 Bd7 11. Nxd5 Nxd5 12. a3 Bc6 13. Ne2 Qd7 14. O-O Ne7 15.
Nc3 Nd5 16. Rfc1 g6 17. Nxd5 Bxd5 18. Bxd5 exd5 19. Qf6 Rg8 20. Bg5 Bg7 21. Qf4
c6 22. b4 Qe6 23. b5 Kd7 24. bxc6+ bxc6 25. Rab1 Rgb8 26. Qd2 Qf5 27. Qc3 Qe6
28. Qa5 Rxb1 29. Rxb1 Ke8 30. Qc7 Rc8 31. Rb8 Rxb8 32. Qxb8+ Kd7 33. Qd8# 1-0

[Event "London Classic FIDE Open"]
[Site "London ENG"]
[Date "2011.12.08"]
[Round "6"]
[White "Alfred, Nathan S W"]
[Black "Spivack, Simon S Y"]
[Result "0-1"]
[WhiteTitle "FM"]
[WhiteElo "2294"]
[BlackElo "2175"]
[WhiteFideId "407739"]
[BlackFideId "404780"]
[EventDate "2011.12.03"]

1. Nf3 c5 2. e4 Nc6 3. d4 cxd4 4. Nxd4 g6 5. Be3 Bg7 6. Nc3 Nf6 7. f3 O-O 8. Bc4
Qb6 9. Bb3 Ng4 10. Nd5 Nxe3 11. Nxb6 Nxd1 12. Nxc6 dxc6 13. Nxa8 Nxb2 14. Rb1
Bc3+ 15. Ke2 Bd7 16. Nc7 Rc8 17. Nd5 cxd5 18. exd5 b5 19. h4 h5 20. g4 hxg4 21.
h5 g5 22. fxg4 a5 23. a3 a4 24. Ba2 Nc4 25. h6 Kh7 26. Rbf1 Bxg4+ 27. Kd3 Nd6 0-1

[Event "London Classic FIDE Open"]
[Site "London ENG"]
[Date "2011.12.08"]
[Round "6"]
[White "Croad, Nicolas"]
[Black "Lee, Kai Jie Edward"]
[Result "1-0"]
[WhiteTitle "FM"]
[WhiteElo "2292"]
[BlackElo "2003"]
[WhiteFideId "4300793"]
[BlackFideId "5802920"]
[EventDate "2011.12.03"]

1. d4 d5 2. c4 c6 3. Nf3 Nf6 4. e3 Bg4 5. h3 Bxf3 6. Qxf3 e6 7. Nc3 Nbd7 8. cxd5
exd5 9. Bd3 Bd6 10. g4 O-O 11. g5 Ne4 12. Nxe4 dxe4 13. Qxe4 Bb4+ 14. Kf1 g6 15.
a3 Re8 16. Qf4 Be7 17. h4 Nc5 18. Bc4 Ne6 19. Qf3 Rf8 20. Bd2 a5 21. Bc3 Ng7 22.
Rd1 b5 23. Be2 b4 24. axb4 axb4 25. Be1 Rc8 26. b3 Kh8 27. Qh3 Qd5 28. Bc4 Qf5
29. Qxf5 Nxf5 30. Bd3 Ng7 31. Ra1 Ra8 32. Rxa8 Rxa8 33. Ke2 c5 34. d5 Bd6 35. f4
Ra2+ 36. Kf3 Rb2 37. Bc4 Nf5 38. Bf2 Rc2 39. Rd1 Rc3 40. Rd3 Kg8 41. Rxc3 bxc3
42. Ke2 Bc7 43. Kd1 Nd6 44. Bd3 Ne8 45. Kc2 f5 46. Be1 Ba5 47. Bxc3 Bxc3 48.
Kxc3 Nd6 49. Kb2 Kf7 50. Ka3 Ke7 51. Ka4 Nc8 52. e4 fxe4 53. Bxe4 Nd6 54. Bd3
Kd7 55. Ka5 Kc7 56. Ka6 Nf7 57. f5 Ne5 58. fxg6 hxg6 59. Be4 Kd6 60. Kb5 Ng4 61.
Bxg6 Kxd5 62. h5 Ne5 63. Be8 Ke6 64. h6 1-0

[Event "London Classic FIDE Open"]
[Site "London ENG"]
[Date "2011.12.08"]
[Round "6"]
[White "Smith, Andrew Philip"]
[Black "Prosviriakov, Vladimir"]
[Result "1-0"]
[WhiteTitle "FM"]
[BlackTitle "IM"]
[WhiteElo "2167"]
[BlackElo "2274"]
[WhiteFideId "2500833"]
[BlackFideId "2004860"]
[EventDate "2011.12.03"]

1. e4 Nc6 2. d4 d5 3. Nc3 e6 4. e5 f6 5. f4 Nh6 6. Be3 Nf5 7. Bf2 fxe5 8. fxe5
Be7 9. Qh5+ g6 10. Qg4 Nb4 11. O-O-O c5 12. dxc5 Qa5 13. Bb5+ Kf7 14. a3 Na2+
15. Nxa2 Qxb5 16. Nc3 Qc6 17. Nf3 b6 18. Qf4 h5 19. Nd4 Qe8 20. Nxf5 gxf5 21.
cxb6 axb6 22. Bh4 Rg8 23. Bxe7 Qxe7 24. Qf2 Bd7 25. Kb1 b5 26. Rd4 Rgc8 27. Qd2
Kg7 28. Rf1 Qg5 29. Qe1 Rc4 30. Ne2 Kh6 31. Rf3 Rxd4 32. Nxd4 Qh4 1-0

[Event "London Classic FIDE Open"]
[Site "London ENG"]
[Date "2011.12.08"]
[Round "6"]
[White "Karthikeyan, Murali"]
[Black "Martyn, Rafe"]
[Result "1/2-1/2"]
[BlackTitle "FM"]
[WhiteElo "2154"]
[BlackElo "2249"]
[WhiteFideId "5074452"]
[BlackFideId "409626"]
[EventDate "2011.12.03"]

1. e4 d5 2. exd5 Qxd5 3. Nc3 Qa5 4. d4 Nf6 5. Nf3 c6 6. Bc4 Bf5 7. Bd2 e6 8. O-O
Nbd7 9. Qe2 Bb4 10. Bb3 O-O 11. Ne5 Nxe5 12. dxe5 Nd5 13. Nxd5 cxd5 14. Bxb4
Qxb4 15. c3 Qc5 16. Rad1 b5 17. h4 a5 18. g4 Be4 19. Rd4 h6 20. Qe3 Rfc8 21. a3
Qe7 22. f3 Bh7 23. g5 h5 24. f4 Bf5 25. Bd1 g6 26. Bb3 Rab8 27. Qd2 Kg7 28. Re1
Qa7 29. Ra1 Rc6 30. Qf2 Qc7 31. Rdd1 b4 32. cxb4 axb4 33. a4 Bc2 34. Bxc2 Rxc2
35. Rd2 Rc1+ 36. Rd1 Rxd1+ 37. Rxd1 b3 38. Ra1 Qc4 39. a5 Rb4 40. a6 Ra4 41.
Rxa4 Qxa4 42. a7 d4 43. a8=Q Qxa8 44. Qxd4 Qf3 45. Qf2 Qh3 46. Qh2 Qd3 47. Qf2
Qh3 48. Qh2 Qe3+ 49. Qf2 Qh3 1/2-1/2

[Event "London Classic FIDE Open"]
[Site "London ENG"]
[Date "2011.12.08"]
[Round "6"]
[White "Nandhidhaa, PV"]
[Black "Osborne, Marcus E"]
[Result "0-1"]
[WhiteElo "2139"]
[BlackElo "2246"]
[WhiteFideId "5050847"]
[BlackFideId "404608"]
[EventDate "2011.12.03"]

1. e4 c5 2. Nf3 g6 3. d4 cxd4 4. Nxd4 Bg7 5. c4 Nc6 6. Be3 Nf6 7. Nc3 O-O 8. Be2
d6 9. O-O Nxd4 10. Bxd4 Bd7 11. f4 Bc6 12. Bf3 Nd7 13. Bxg7 Kxg7 14. Qd4+ e5 15.
Qxd6 Qb6+ 16. Kh1 Qxb2 17. Rac1 exf4 18. Qxf4 Rae8 19. Bg4 Nc5 20. Qf6+ Kg8 21.
Nd5 Qe5 22. Bf3 Re6 23. Qh4 Kg7 24. Rce1 g5 25. Qh3 Rh6 26. Bh5 Nxe4 27. Ne3 Rf6
28. Nf5+ Kh8 29. Re3 Nf2+ 0-1

[Event "London Classic FIDE Open"]
[Site "London ENG"]
[Date "2011.12.08"]
[Round "6"]
[White "Tikkanen, Hans"]
[Black "Jaunooby, Ali R"]
[Result "1-0"]
[WhiteTitle "GM"]
[WhiteElo "2586"]
[BlackElo "2144"]
[WhiteFideId "1706446"]
[BlackFideId "413291"]
[EventDate "2011.12.03"]

1. d4 c5 2. d5 Nf6 3. c4 e6 4. Nc3 exd5 5. cxd5 d6 6. e4 g6 7. f4 Bg7 8. Bb5+
Nfd7 9. Be2 O-O 10. Nf3 Re8 11. O-O Na6 12. f5 Ne5 13. Nxe5 Bxe5 14. Bf4 Bd4+
15. Kh1 g5 16. Bd2 Nb8 17. Bb5 Bd7 18. Bd3 b5 19. Qh5 f6 20. Bxg5 b4 21. Bh6 Re7
22. Nd1 Be8 23. Qg4+ Kh8 24. Rf3 Nd7 25. Rg3 Bg6 26. fxg6 Ne5 27. g7+ Kg8 28.
Qf5 c4 29. Qxf6 Rf7 30. Qxd8+ Rxd8 31. Be2 c3 32. bxc3 bxc3 33. Nxc3 Rf2 34. Rf1
Rc8 35. Nb5 Bb6 36. Rxf2 Bxf2 37. Rc3 Rb8 38. Nxd6 1-0

[Event "London Classic FIDE Open"]
[Site "London ENG"]
[Date "2011.12.08"]
[Round "6"]
[White "Williamson, Roger G"]
[Black "Cox, John J"]
[Result "0-1"]
[BlackTitle "IM"]
[WhiteElo "2157"]
[BlackElo "2423"]
[WhiteFideId "414620"]
[BlackFideId "401064"]
[EventDate "2011.12.03"]

1. e4 e6 2. Nf3 d5 3. Nc3 Nc6 4. d4 Nf6 5. e5 Ne4 6. Bd3 Bb4 7. Bd2 Bxc3 8. Bxc3
Nxc3 9. bxc3 Bd7 10. h4 Qe7 11. Qc1 f6 12. Qf4 O-O-O 13. h5 Rhf8 14. Qe3 h6 15.
a4 fxe5 16. Nxe5 Nxe5 17. Qxe5 Qf6 18. f3 a5 19. Rh3 Qxe5+ 20. dxe5 Rf4 21. Rg3
Rh4 22. Kd2 Rxh5 23. Rxg7 Rxe5 24. f4 Rh5 25. Ke3 e5 26. fxe5 Rxe5+ 27. Kf4 Rh5
28. g4 Rf8+ 29. Bf5 Rhxf5+ 30. gxf5 Bxf5 31. Ke5 Be4 32. c4 Re8+ 33. Kd4 dxc4
34. Re1 Bc6 35. Rf1 Bxa4 36. Rff7 Bc6 37. Rxc7+ Kb8 38. Kxc4 Re4+ 39. Kd3 Re5
40. Kd4 Rd5+ 41. Kc4 h5 42. Rcf7 Ka7 43. Rf6 Kb6 44. Rh6 Rc5+ 45. Kb3 a4+ 46.
Kb4 Rxc2 47. Rxh5 Rb2+ 48. Ka3 Rb3+ 49. Ka2 Rd3 50. Rgg5 Bf3 51. Rh6+ Kc7 52.
Ra5 Bd5+ 53. Kb2 Rb3+ 54. Ka1 Bc6 55. Ka2 Rb4 56. Ka3 Rb3+ 57. Ka2 b5 58. Ra6
Rc3 59. Kb2 Rc4 60. Ka2 Kb7 61. Ra5 Rc3 62. Kb2 Rd3 63. Kc2 Rd8 64. Rh7+ Kb6 65.
Rha7 Kc5 66. R5a6 Be4+ 67. Kc1 Kb4 68. Re6 Rc8+ 69. Kd2 Bd5 70. Rea6 Bc6 71. Rb6
Bd5 72. Rba6 Kb3 73. Ra5 Rc2+ 74. Kd3 Bc4+ 75. Kd4 Rd2+ 76. Kc5 Rd5+ 77. Kc6 Rh5
78. Kb6 Kb4 79. Kc6 Rh6+ 80. Kc7 Rh7+ 81. Kb6 Rxa7 82. Rxa7 a3 83. Kc6 a2 0-1